Hudební pedagogika a profesionální hudební výchova

Bibliographic Details
Main Author: Holas, Milan, 1954- (Author)
Format: Article
Language:Czech
ISBN:8080504717
Subjects:

MARC

LEADER 00000naa a22000007a 4500
001 vtls001519104
003 SK-MaSNL
005 20260302140336.0
008 141112c2001 xo | || |100 b|cze
015 |a SPKCL2005/03 
038 |a SPK 
040 |a SPKCL  |b slo  |c AACR2  |e AACR2 
041 0 |a cze 
044 |a xo  |c SK 
080 |a 372.878  |2 1997 
080 |a 37.013:78  |2 1997 
080 |a 78  |2 1997 
100 1 |a Holas, Milan,  |d 1954-  |4 aut  |9 75034 
245 1 0 |a Hudební pedagogika a profesionální hudební výchova  |c Milan Holas 
504 |a Bibliogr. odkazy 
650 0 7 |a hudobná výchova  |2 spk  |9 1662 
650 0 7 |a pedagogika  |2 spk  |9 955 
650 0 7 |a hudba  |2 spk  |9 1063 
773 0 |t Hudobno-pedagogické interpretácie 6 : Zborník referátov prednesených na vedecko-pedagogickej konferencii "Hudobná pedagogika v kontexte doby" - Diagnóza stavu a hľadanie východísk  |d Nitra : Regionálne združenie Slovenskej hudobnej únie, 2001  |g S. 69-73  |z 8080504717 
852 |a SPK  |b KIS3GCP 
999 |c 1330331  |d 1332261